CLASSICAL MECHANICS (Record no. 9301)

MARC details
000 -LEADER
fixed length control field 00482nam a22001577a 4500
003 - CONTROL NUMBER IDENTIFIER
control field SGT
020 ## - INTERNATIONAL STANDARD BOOK NUMBER
International Standard Book Number 9788190840613
082 ## - DEWEY DECIMAL CLASSIFICATION NUMBER
Classification number 531,JAI
100 ## - MAIN ENTRY--PERSONAL NAME
Personal name VIMAL KUMAR JAIN
245 ## - TITLE STATEMENT
Title CLASSICAL MECHANICS
260 ## - PUBLICATION, DISTRIBUTION, ETC. (IMPRINT)
Place of publication, distribution, etc NEW DELHI
Name of publisher, distributor, etc ANE BOOKS PVT. LTD
Year of Publication 2015
300 ## - PAGE DESCRIPTION
No. of Pages 284
650 ## - SUBJECT ADDED ENTRY--TOPICAL TERM
Topical term or geographic name as entry element CLASSICAL MECHANICS
653 ## - KEYWORDS--INDEX TERM
Keyword term INTRODUCTION TO PARTICLE DYNAMICS, LAGRANGIAN FORMULATION, HAMILTON'S EQUATIONS,SYMMETRY AND CONSERVATION LAWS, SMALL OSCILLATION,
942 ## - ADDED ENTRY ELEMENTS (KOHA)
Source of classification or shelving scheme Dewey Decimal Classification
Koha item type FPS Books
Holdings
Withdrawn status Lost status Source of classification or shelving scheme Damaged status Not for loan Collection code Home library Current library Shelving location Date acquired Cost, normal purchase price SGTU Bill Number Total Checkouts Full call number Accession No. (Barcode) Date last seen Date last borrowed Bill Date Koha item type
    Dewey Decimal Classification     SCIENCE SGT Science & Social Sciences Library SGT Science & Social Sciences Library Text Book 28/06/2016 0.00 SGTU 1294 8 531,JAI PS563 06/12/2018 30/11/2018 26/11/2014 FPS Books
    Dewey Decimal Classification     SCIENCE SGT Science & Social Sciences Library SGT Science & Social Sciences Library Text Book 28/06/2016 0.00 SGTU 1294   531,JAI PS564 28/06/2016   26/11/2014 FPS Books
    Dewey Decimal Classification     SCIENCE SGT Science & Social Sciences Library SGT Science & Social Sciences Library Text Book 28/06/2016 0.00 SGTU 1294 13 531,JAI PS565 04/12/2018 19/11/2018 26/11/2014 FPS Books